Lanean...

On freedom of the press and censorship. Tr by Saul K Padover /

Xehetasun bibliografikoak
Egile nagusia: Marx, Karl
Formatua: Printed Book
Hizkuntza:English
Argitaratua: McGraw-Hill, 1974.
Saila:Karl Marx library. Ed and Tr by Saul K Padover. 4
LEADER 00534nam a2200145Ia 4500
008 150624b xxu||||| |||| 00| 0 eng d
082 |a 320.5315 
100 |a Marx, Karl 
245 |a On freedom of the press and censorship. Tr by Saul K Padover /  |c Karl Marx 
260 |b McGraw-Hill,  |c 1974. 
300 |a 208 p. 
490 |a Karl Marx library. Ed and Tr by Saul K Padover. 4 
942 |c BK 
999 |c 14914  |d 14914 
952 |0 0  |1 0  |4 0  |6 320_531500000000000_MAR_O  |7 0  |9 14913  |a UL  |b UL  |c ST2  |d 1998-08-28  |l 0  |o 320.5315 MAR/O  |p 22274  |r 2012-10-27  |w 2012-10-27  |y BK